000 00457nam a2200181Ia 4500
003 GCL
008 140319s9999 xx 000 0 eng d
040 _aGCL /
_cGCL
082 0 4 _a004.6
_bS N
100 1 _aSNELL, NED
245 1 0 _aNAVIGATING THE INTERNET WITH WINDOWS 95 /
_cSNELL, NED
260 _a[S.N] :
_bSAMS.NET ،
_c1995
300 _a454 P
650 0 4 _aشعر الحرب
650 0 4 _aCOMMUNICATION
650 0 4 _aINTERNET
942 _2ddc
_cBK
999 _c13204
_d13204